| 000 -LEADER |
| fixed length control field |
01032nam a22001937a 4500 |
| 005 - DATE AND TIME OF LATEST TRANSACTION |
| control field |
20241209171153.0 |
| 008 - FIXED-LENGTH DATA ELEMENTS--GENERAL INFORMATION |
| fixed length control field |
241209s2015 enk||||| |||| 00| 0 eng d |
| 020 ## - INTERNATIONAL STANDARD BOOK NUMBER |
| International Standard Book Number |
9781892005281x |
| 080 ## - UNIVERSAL DECIMAL CLASSIFICATION NUMBER |
| Universal Decimal Classification number |
316.77 R-79 |
| 100 ## - MAIN ENTRY--PERSONAL NAME |
| Personal name |
Rosenberg, Marshall B. |
| 9 (RLIN) |
23930 |
| 245 ## - TITLE STATEMENT |
| Title |
Nonviolent Communication: |
| Remainder of title |
A Language of Life / |
| Statement of responsibility, etc. |
Marshall B. Rosenberg, Deepak Chopra. |
| 264 ## - PRODUCTION, PUBLICATION, DISTRIBUTION, MANUFACTURE, AND COPYRIGHT NOTICE |
| Place of production, publication, distribution, manufacture |
Encinitas : |
| Name of producer, publisher, distributor, manufacturer |
Puddle Dancer Press, |
| Date of production, publication, distribution, manufacture, or copyright notice |
2015. |
| 300 ## - PHYSICAL DESCRIPTION |
| Extent |
244 p. ; |
| Other physical details |
23 cm. |
| 653 ## - INDEX TERM--UNCONTROLLED |
| keyword |
არაძალადობრივი კომუნიკაცია |
| 653 ## - INDEX TERM--UNCONTROLLED |
| keyword |
ცხოვრების შეცვლის ინსტრუმენტები ჯანსაღი ურთიერთობებისთვის |
| 653 ## - INDEX TERM--UNCONTROLLED |
| keyword |
ცხოვრების შეცვლის ინსტრუმენტები ჯანსაღი ურთიერთობებისთვის |
| 700 ## - ADDED ENTRY--PERSONAL NAME |
| Personal name |
Deepak, Chopra. |
| Relator term |
წინასიტყვაობის ავტორი |
| 9 (RLIN) |
23931 |
| 942 ## - ADDED ENTRY ELEMENTS (KOHA) |
| Source of classification or shelving scheme |
|
| Koha item type |
წიგნი |